| 000 | 00809nam a2200229Ia 4500 | ||
|---|---|---|---|
| 003 | GCL | ||
| 005 | 20240530105021.0 | ||
| 008 | 140319s9999 xx 000 0 ara d | ||
| 020 | _a977235067 | ||
| 040 |
_aGCL / _cGCL |
||
| 082 | 0 | 4 |
_a932 _bق/م ص |
| 100 | 1 | _aمحمد ابراهيم بكر | |
| 245 | 1 | 0 |
_aصفحات مشرقة من تاريخ مصر القديم / _cمحمد ابراهيم بكر |
| 260 |
_aالقاهرة : _bمطبعة جامعة القاهرة والكتاب الجامعى |
||
| 300 |
_a353 ص : _bايض ، صور ، خرائط ؛ _c24سم |
||
| 650 | 0 | 4 | _aالحضارة الفرعونية |
| 650 | 0 | 4 | _aالحضارة المصرية |
| 650 | 0 | 4 | _aتوت عنخ امون |
| 650 | 0 | 4 | _aالمومياءات |
| 650 | 0 | 4 |
_aمصر القديمة _xتاريخ |
| 942 |
_2ddc _cBK |
||
| 999 |
_c52533 _d52533 |
||